Premios Nobel españoles - Estadísticas

Estadísticas generales
  • Esta prueba ha sido intentada 65 veces
  • La puntuación promedio es 5 de 7
Estadísticas de respuestas
Categoría Año Pista Nombre % Correcto
Literatura 1989 Ligado a la literatura de posguerra, es conocidopor novelas como "La colmena" y "La familia de Pascual Duarte" Camilo José Cela
89%
Medicina 1906 Famoso por sus estudios del sistema nervioso Santiago Ramón y Cajal
89%
Literatura 1956 Poeta modernista, famoso por su obralírica en prosa "Platero y yo" Juan Ramón Jiménez
80%
Medicina 1959 Ganó el premio por su investigación sobre los mecanismos de síntesis del ARN y el ADN Severo Ochoa
70%
Literatura 1977 Poeta de la llamada Generación del 27, su obramás famosa es "La destrucción del amor" Vicente Aleixandre
61%
Literatura 1904 Aunque escribió más de 70 obras literarias, es más conocido como matemático y físico José Echegaray
54%
Literatura 1922 Conocido por sus obras teatrales como"Los intereses creados" Jacinto Benavente
52%
No se encontraron pruebas coincidentes
Distribución de puntuación
Porcentaje de gente con cada puntuación
Porcentaje por número respondido
Historial de tus puntuaciones
No has intentado esta prueba.